History Quiz

Random History or War Quiz

20th Century History: April Quiz Stats

 Plays Quiz Updated May 9, 2018

Support Sporcle.
Go Orange.
Score 0/100 Timer 20:00
2 Plays Today
Year Answer % Correct
1903Russia
83.5%
1913China
81.2%
1912RMS Titanic
81.1%
1906San Francisco
80%
1901Hirohito
79.4%
1902Los Angeles
79.2%
1917USA
78.3%
1925United Kingdom
74.9%
1934Loch Ness
74.6%
1968Martin Luther King, Jr.
74.5%
1945Benito Mussolini
74.4%
1926Persia
73.8%
1936Palestine
73.6%
1908Oskar Schindler
72.2%
1911Paris
71.7%
1976Apple
71.5%
1905Norway
71.5%
1914Mexico
71%
1967Greece
70.8%
1953DNA
70.8%
1954Dwight D. Eisenhower
70.5%
1959Japan
70.4%
1955Winston Churchill
69.9%
1935Radar
69.4%
1960Brasília
68.8%
1930Mohandas Gandhi
68.5%
1991Iraq
67.9%
1951Harry S. Truman
67.3%
1922Joseph Stalin
65.9%
1977Vietnam
65.6%
1986Chernobyl
65.4%
1971Haiti
65.2%
1984HIV
65.2%
1928Turkey
64.9%
Year Answer % Correct
1988USSR
64.9%
1946League of Nations
64.3%
1939Francisco Franco
64%
1910Halley's Comet
63.7%
1944Switzerland
63.5%
1994Rwanda
63.1%
1943Warsaw
63%
1982Falkland Islands
62.9%
1964Tanzania
61.9%
1916Ireland
61.8%
1998Pol Pot
61.6%
1990Hubble Space Telescope
61.5%
1961Yuri Gagarin
60.3%
1933Greenland
59.5%
1918Manfred von Richthofen
59.4%
1927Volvo
58.9%
1973World Trade Center
58.6%
1956Morocco
58%
1970Cigarettes
57.8%
1950Jordan
57.8%
1909Tel Aviv
57.3%
1979Idi Amin
57.3%
1907London
57.1%
1980Netherlands
57%
1965Armenians
54.9%
1947Jackie Robinson
54.6%
1995Oklahoma City
53.5%
1966Rastafari
52.8%
1938Ethiopia
52.3%
1952Bolivia
51.4%
1963Québec
51%
1993Eritrea
51%
1949India
51%
1923George VI
50.8%
Year Answer % Correct
1983Lebanon
48.5%
1920Mustafa Kemal Atatürk
48.4%
1992Bosnia and Herzegovina
48.3%
1974East Germany
47.8%
1985Albania
47.6%
1937Guernica
46.9%
1924National Fascist Party
46.2%
1948Costa Rica
45.6%
1989Tiananmen Square
45.6%
1975Khmer Rouge
45.5%
1987Portugal
44.8%
1942Malta
44.3%
1931Porsche
44%
2000Napster
42.5%
1962Jawaharlal Nehru
42.3%
1978Afghanistan
42.3%
1915Gallipoli
40.3%
1969Eye
39.9%
1958Laika
39%
1996Monrovia
36.4%
1941Yugoslavia
35.4%
1981Tucson
34.8%
1999Nunavut
34.7%
1997Zaire
33.7%
1929Carl Benz
31.6%
1940Vidkun Quisling
30.4%
1932Paul von Hindenburg
28.7%
1919Emiliano Zapata
28.5%
1921Boxing
25.9%
1904Entente Cordiale
23.3%
1972Biological weapons
22.8%
1957Bundeswehr
10.6%

You're not logged in!

Compare scores with friends on all Sporcle quizzes.
OR
Log In

From the Vault

American Men

by rockgolf

It's a shame that 'Dweezil' never took off.
Remove Ads.
Support Sporcle.
Get the best of Sporcle when you Go Orange. This ad-free experience offers more features, more stats, and more fun while also helping to support Sporcle. Thank you for becoming a member.

Show Comments

Extras

Top Quizzes Today


Score Distribution

Your Account Isn't Verified!

In order to create a playlist on Sporcle, you need to verify the email address you used during registration. Go to your Sporcle Settings to finish the process.

Report this User

Report this user for behavior that violates our Community Guidelines.

Details: